[Event "British Columbia-ch U20"]
[Site "Vancouver"]
[Date "2013.11.10"]
[Round "5"]
[White "Pulfer, Luke"]
[Black "Knox, Nathaniel"]
[Result "1-0"]
[WhiteElo "1654"]
[BlackElo "1626"]
[PlyCount "53"]
[EventDate "2013.11.08"]
[EventType "swiss"]
[EventRounds "5"]
[EventCountry "CAN"]
[SourceTitle "EXT 2015"]
[Source "ChessBase"]
[SourceDate "2014.11.20"]
[SourceVersion "1"]
[SourceVersionDate "2014.11.20"]
[SourceQuality "1"]

1. d4 Nf6 2. c4 d6 3. Nc3 g6 4. e4 Bg7 5. Be2 0-0 6. Bg5 Nbd7 7. Qd2 c5 8. Nf3 cxd4 9. Nxd4 a6 10. 0-0 Nc5 11. f3 Ne6 12. Nxe6 Bxe6 13. f4 Bg4 14. Bxf6 Bxe2 15. Bxg7 Bxf1 16. Bxf8 Bxc4 17. Qd4 Qxf8 18. Qxc4 Rc8 19. Qd4 e5 20. fxe5 dxe5 21. Qxe5 Rc5 22. Qd4 Qc8 23. Rd1 Qc6 24. Nd5 Rxd5 25. exd5 Qd6 26. Re1 h6 27. Re8+ 1-0

[Event "Langley op"]
[Site "Langley"]
[Date "2013.09.01"]
[Round "3"]
[White "Knox, Nathaniel"]
[Black "Ingram, Richard"]
[Result "0-1"]
[WhiteElo "1583"]
[BlackElo "1929"]
[PlyCount "72"]
[EventDate "2013.08.??"]
[EventType "swiss"]
[EventRounds "6"]
[EventCountry "CAN"]
[SourceTitle "EXT 2022"]
[Source "ChessBase"]
[SourceDate "2021.10.06"]
[SourceVersion "1"]
[SourceVersionDate "2021.10.06"]
[SourceQuality "1"]

1. d4 Nf6 2. c4 e6 3. Nc3 Bb4 4. Qc2 0-0 5. a3 Bxc3+ 6. Qxc3 b6 7. Nf3 d6 8. Bg5 Nbd7 9. e3 Ba6 10. Bd3 c5 11. 0-0 cxd4 12. Qxd4 Nc5 13. Bc2 d5 14. Ne5 Nce4 15. Bxe4 dxe4 16. Rfd1 Qxd4 17. Rxd4 Rfd8 18. Rad1 Rxd4 19. Rxd4 h6 20. Bxf6 gxf6 21. Nc6 Bb7 22. Rd8+ Rxd8 23. Nxd8 Ba8 24. b4 Kf8 25. b5 Ke7 26. Nc6+ Bxc6 27. bxc6 Kd6 28. c7 Kxc7 29. f4 f5 30. Kf2 Kd6 31. Kg3 Kc5 32. Kh4 Kxc4 33. Kh5 Kd3 34. Kxh6 Kxe3 35. h4 Kxf4 36. h5 Kg4 0-1

[Event "CAN-ch U12"]
[Site "Vancouver"]
[Date "2012.07.05"]
[Round "5"]
[White "Knox, Nathaniel"]
[Black "Song, Ziyuan"]
[Result "1-0"]
[WhiteElo "1177"]
[BlackElo "2042"]
[PlyCount "177"]
[EventDate "2012.07.03"]
[EventType "swiss"]
[EventRounds "7"]
[EventCountry "CAN"]
[SourceTitle "EXT 2022"]
[Source "ChessBase"]
[SourceDate "2021.10.06"]
[SourceVersion "1"]
[SourceVersionDate "2021.10.06"]
[SourceQuality "1"]

1. d4 d5 2. c4 e6 3. Nc3 Nf6 4. Bg5 Nbd7 5. e3 Be7 6. cxd5 exd5 7. Nf3 c6 8. Bd3 h6 9. Bf4 Nh5 10. Bg3 Nxg3 11. hxg3 Nf6 12. Qc2 Be6 13. Ng5 Bd7 14. Bg6 Rf8 15. Nf3 Bd6 16. Bf5 Qe7 17. 0-0 g5 18. Bd3 0-0-0 19. Nb5 Kb8 20. Nxd6 Qxd6 21. Ne5 Bc8 22. Rfb1 h5 23. b4 Nd7 24. b5 cxb5 25. Rxb5 Nxe5 26. dxe5 Qxe5 27. Rab1 Qc7 28. Rc5 Qe7 29. Rc1 Qe6 30. Qb3 d4 31. Bc4 Qe7 32. exd4 Rxd4 33. Bd5 Qd7 34. Qc3 Ra4 35. Bc6 bxc6 36. Qb3+ Bb7 37. Qxa4 f6 38. Qd1 Qf7 39. Qd6+ Ka8 40. Re1 Rc8 41. Re6 f5 42. Qe7 Qg8 43. Rxf5 h4 44. Rxg5 Qh8 45. Rg7 Rb8 46. Rxc6 hxg3 47. fxg3 Qh5 48. Rh7 Qd1+ 49. Kh2 Qd5 50. Rc2 Rg8 51. Qf7 Qxf7 52. Rxf7 Bd5 53. Re7 a6 54. Rcc7 Kb8 55. a3 Rf8 56. Rcd7 Bc6 57. Rd6 Ba8 58. Rxa6 Bd5 59. Rh6 Kc8 60. a4 Kd8 61. Rg7 Kc8 62. a5 Kb8 63. a6 Ka8 64. a7 Bb7 65. Rxb7 Kxb7 66. Rh7+ Ka8 67. g4 Rg8 68. Kh3 Rf8 69. g5 Rg8 70. Kh4 Rd8 71. Kh5 Rd1 72. g6 Rg1 73. g7 Rxg2 74. Rh8+ Kxa7 75. g8Q Rxg8 76. Rxg8 Kb6 77. Rc8 Kb7 78. Rc1 Kb6 79. Kg5 Kb5 80. Kf4 Kb4 81. Ke3 Kb3 82. Kd4 Kb2 83. Rc8 Kb3 84. Rc7 Kb2 85. Kd3 Kb1 86. Rc3 Ka1 87. Kc4 Kb1 88. Kb3 Ka1 89. Rc1# 1-0

[Event "CAN-ch U12"]
[Site "Vancouver"]
[Date "2012.07.03"]
[Round "1"]
[White "Knox, Nathaniel"]
[Black "Olechko, Nikita"]
[Result "1-0"]
[WhiteElo "1177"]
[BlackElo "566"]
[PlyCount "77"]
[EventDate "2012.07.03"]
[EventType "swiss"]
[EventRounds "7"]
[EventCountry "CAN"]
[SourceTitle "EXT 2022"]
[Source "ChessBase"]
[SourceDate "2021.10.06"]
[SourceVersion "1"]
[SourceVersionDate "2021.10.06"]
[SourceQuality "1"]

1. d4 c6 2. c4 d5 3. e3 Nf6 4. Nc3 Bf5 5. Nf3 e6 6. h3 c5 7. cxd5 exd5 8. dxc5 Bxc5 9. Bb5+ Nc6 10. Ne5 Qd6 11. Qa4 Bd7 12. Nxc6 Bxc6 13. 0-0 0-0 14. Qb3 a6 15. Be2 Rfe8 16. Rd1 Qe6 17. Bf3 Rad8 18. Ne2 Ne4 19. Nd4 Bxd4 20. Rxd4 Qe5 21. Bd2 Nxd2 22. Rxd2 Qg5 23. Rad1 Re5 24. e4 b5 25. exd5 h6 26. d6 Bxf3 27. Qxf3 Re1+ 28. Rxe1 Qxd2 29. Rd1 Qxb2 30. Qc6 Qe2 31. Rd5 Qe6 32. f4 Qe3+ 33. Kh1 Qxf4 34. d7 Qc4 35. Qb6 Qf1+ 36. Kh2 Qf4+ 37. g3 Qb8 38. Qxb8 Rxb8 39. Rc5 1-0